<?xml version="1.0" encoding="UTF-8"?>
<record
    xmlns:xsi="http://www.w3.org/2001/XMLSchema-instance"
    xsi:schemaLocation="http://www.loc.gov/MARC21/slim http://www.loc.gov/standards/marcxml/schema/MARC21slim.xsd"
    xmlns="http://www.loc.gov/MARC21/slim">

  <leader>00707cam a22002177a 4500</leader>
  <datafield tag="999" ind1=" " ind2=" ">
    <subfield code="c">5</subfield>
    <subfield code="d">5</subfield>
  </datafield>
  <controlfield tag="001">14089514</controlfield>
  <controlfield tag="003">OSt</controlfield>
  <controlfield tag="005">20200425183302.0</controlfield>
  <controlfield tag="008">050810s2004    dr           f001 0 spa c</controlfield>
  <datafield tag="020" ind1=" " ind2=" ">
    <subfield code="a">978-9945-16-1137</subfield>
  </datafield>
  <datafield tag="040" ind1=" " ind2=" ">
    <subfield code="c">RCAA</subfield>
  </datafield>
  <datafield tag="082" ind1=" " ind2=" ">
    <subfield code="a">RD 972.93054 R139m 2007</subfield>
  </datafield>
  <datafield tag="100" ind1="1" ind2=" ">
    <subfield code="a">Raful Tejada,Tony</subfield>
  </datafield>
  <datafield tag="245" ind1="1" ind2="0">
    <subfield code="a">Movimiento 14 de junio : </subfield>
    <subfield code="c">historia y documentos /</subfield>
    <subfield code="b">Tony Raful</subfield>
  </datafield>
  <datafield tag="260" ind1=" " ind2=" ">
    <subfield code="a">Santo Domingo  :</subfield>
    <subfield code="b">Editora B&#xFA;ho,</subfield>
    <subfield code="c">2007</subfield>
  </datafield>
  <datafield tag="300" ind1=" " ind2=" ">
    <subfield code="a">780 p&#xE1;ginas. : ilustrado</subfield>
  </datafield>
  <datafield tag="504" ind1=" " ind2=" ">
    <subfield code="a">Incluye referencias bibliogr&#xE1;fica e &#xED;ndice </subfield>
  </datafield>
  <datafield tag="600" ind1=" " ind2=" ">
    <subfield code="a">Tav&#xE1;rez Justo, Manuel Aurelio, </subfield>
    <subfield code="d">1931-1973</subfield>
    <subfield code="v">Vida pol&#xED;tica</subfield>
  </datafield>
  <datafield tag="651" ind1=" " ind2=" ">
    <subfield code="a">Rep&#xFA;blica Dominicana  -- Movimiento 14 de junio</subfield>
    <subfield code="x">Historia</subfield>
  </datafield>
  <datafield tag="942" ind1=" " ind2=" ">
    <subfield code="2">ddc</subfield>
    <subfield code="c">BK</subfield>
  </datafield>
  <datafield tag="952" ind1=" " ind2=" ">
    <subfield code="0">0</subfield>
    <subfield code="1">0</subfield>
    <subfield code="2">ddc</subfield>
    <subfield code="4">0</subfield>
    <subfield code="7">0</subfield>
    <subfield code="8">RD</subfield>
    <subfield code="a">BJHA</subfield>
    <subfield code="b">BJHA</subfield>
    <subfield code="c">GEN</subfield>
    <subfield code="d">2017-01-12</subfield>
    <subfield code="i">16-00554</subfield>
    <subfield code="l">0</subfield>
    <subfield code="o">RD 972.93054 R139m 2007</subfield>
    <subfield code="p">16-00554</subfield>
    <subfield code="r">2018-10-06 00:00:00</subfield>
    <subfield code="t">e.1</subfield>
    <subfield code="w">2017-01-12</subfield>
    <subfield code="y">BK</subfield>
  </datafield>
  <datafield tag="952" ind1=" " ind2=" ">
    <subfield code="0">0</subfield>
    <subfield code="1">0</subfield>
    <subfield code="2">ddc</subfield>
    <subfield code="4">0</subfield>
    <subfield code="7">0</subfield>
    <subfield code="8">RD</subfield>
    <subfield code="a">BJHA</subfield>
    <subfield code="b">BJHA</subfield>
    <subfield code="c">GEN</subfield>
    <subfield code="d">2020-03-10</subfield>
    <subfield code="i">20-02702</subfield>
    <subfield code="l">0</subfield>
    <subfield code="o">RD 972.93054 R139m 2007</subfield>
    <subfield code="p">20-02702</subfield>
    <subfield code="r">2020-03-10 00:00:00</subfield>
    <subfield code="t">e.2</subfield>
    <subfield code="w">2020-03-10</subfield>
    <subfield code="y">BK</subfield>
  </datafield>
</record>
